Universe: (Record no. 5556)
[ view plain ]
| 000 -LEADER | |
|---|---|
| fixed length control field | 00625nam a22002177a 4500 |
| 003 - CONTROL NUMBER IDENTIFIER | |
| control field | OSt |
| 005 - DATE AND TIME OF LATEST TRANSACTION | |
| control field | 20170215183812.0 |
| 008 - FIXED-LENGTH DATA ELEMENTS--GENERAL INFORMATION | |
| fixed length control field | 170215b xxu||||| |||| 00| 0 eng d |
| 020 ## - INTERNATIONAL STANDARD BOOK NUMBER | |
| International Standard Book Number | 9781429240154 |
| 020 ## - INTERNATIONAL STANDARD BOOK NUMBER | |
| International Standard Book Number | 1429240156 |
| 040 ## - CATALOGING SOURCE | |
| Transcribing agency | DDC. |
| 082 ## - DEWEY DECIMAL CLASSIFICATION NUMBER | |
| Classification number | 520 FRE 2011. |
| 100 ## - MAIN ENTRY--PERSONAL NAME | |
| Personal name | Freedman,A.Rodger;Geller,M.Robert;Kaufmann III,J.william; |
| 9 (RLIN) | 11593 |
| 245 ## - TITLE STATEMENT | |
| Title | Universe: |
| Remainder of title | Stars and Galaxies. |
| 250 ## - EDITION STATEMENT | |
| Edition statement | 4th ed. |
| 260 ## - PUBLICATION, DISTRIBUTION, ETC. (IMPRINT) | |
| Place of publication, distribution, etc. | New York. |
| Name of publisher, distributor, etc. | W.H Freeman and Company. |
| Date of publication, distribution, etc. | 2011. |
| 300 ## - PHYSICAL DESCRIPTION | |
| Extent | xx,762p; |
| Other physical details | col,ill; |
| Dimensions | 28cm. |
| 504 ## - BIBLIOGRAPHY, ETC. NOTE | |
| Bibliography, etc | includes Appendix,index and Glossary; |
| 650 ## - SUBJECT ADDED ENTRY--TOPICAL TERM | |
| Topical term or geographic name as entry element | Physics. |
| 9 (RLIN) | 809 |
| 942 ## - ADDED ENTRY ELEMENTS (KOHA) | |
| Source of classification or shelving scheme | Dewey Decimal Classification |
| Koha item type | Open Shelf |
| Withdrawn status | Lost status | Source of classification or shelving scheme | Damaged status | Not for loan | Home library | Current library | Date acquired | Source of acquisition | Inventory number | Total Checkouts | Full call number | Barcode | Date last seen | Price effective from | Koha item type |
|---|---|---|---|---|---|---|---|---|---|---|---|---|---|---|---|
| Dewey Decimal Classification | MUST Main Library | MUST Main Library | 15/02/2017 | 14/38136 | 520 FRE 2011. | 2017-0207 | 15/02/2017 | 15/02/2017 | Open Shelf | ||||||
| Dewey Decimal Classification | MUST Main Library | MUST Main Library | 27/03/2017 | 13/37106 | 520 FRE 2011. | 2017-0611 | 27/03/2017 | 27/03/2017 | Open Shelf | ||||||
| Dewey Decimal Classification | MUST Main Library | MUST Main Library | 27/03/2017 | 13/37161 | 520 FRE 2011. | 2017-0612 | 27/03/2017 | Open Shelf | |||||||
| Dewey Decimal Classification | MUST Main Library | MUST Main Library | 28/03/2017 | 14/38135 | 520 FRE 2011. | 2017-0653 | 28/03/2017 | 28/03/2017 | Open Shelf |
